Southville International School and Colleges
Your cart is empty.
  • Cart
  • Lists
    Public lists Eva Luna New books Lux_list list_1
    Your lists Log in to create your own lists
  • Log in to your account
  • Your cookies
  • Search history
Southville International School and Colleges
  • Advanced search
  • Recent comments
  • Most popular
  • Libraries

Log in to your account

Log in with GOOGLE


If you do not have an external account, but do have a local account, you can still log in:

  1. Home
  2. MARC view: Gateway to dynamics eloquency /
Normal view MARC view ISBD view

Gateway to dynamics eloquency / (Record no. 1643)

[ view plain ]
MARC details
000 -LEADER
fixed length control field 00526nam a22001937a 4500
003 - CONTROL NUMBER IDENTIFIER
control field OSt
005 - DATE AND TIME OF LATEST TRANSACTION
control field 20140310181713.0
008 - FIXED-LENGTH DATA ELEMENTS--GENERAL INFORMATION
fixed length control field 121211t xxu||||| |||| 00| 0 eng d
020 ## - INTERNATIONAL STANDARD BOOK NUMBER
International Standard Book Number 9718525017
050 ## - LIBRARY OF CONGRESS CALL NUMBER
Classification number PN 6122
Item number .M266 1988
082 ## - DEWEY DECIMAL CLASSIFICATION NUMBER
Classification number FIL 808.51
Item number M311 1988
100 ## - MAIN ENTRY--PERSONAL NAME
Personal name Manalo, Jose M.
245 ## - TITLE STATEMENT
Title Gateway to dynamics eloquency /
Statement of responsibility, etc Jose M. Manalo
260 ## - PUBLICATION, DISTRIBUTION, ETC. (IMPRINT)
Place of publication, distribution, etc Quezon City :
Name of publisher, distributor, etc Communications Upgrade,
Date of publication, distribution, etc 1988.
300 ## - PHYSICAL DESCRIPTION
Extent 387 p. :
Other physical details ill. ;
Dimensions 23 cm.
650 ## - SUBJECT ADDED ENTRY--TOPICAL TERM
Topical term or geographic name as entry element Speeches
942 ## - ADDED ENTRY ELEMENTS (KOHA)
Source of classification or shelving scheme Library of Congress Classification
Koha item type Books
Holdings
Withdrawn status Lost status Source of classification or shelving scheme Damaged status Home library Current library Shelving location Date acquired Total Checkouts Full call number Barcode Date last seen Copy number Price effective from Koha item type
    Library of Congress Classification   Luxembourg Library Luxembourg Library Filipiniana Section 12/11/2012   PN 6121 .M266 1988 2062 08/13/2013 1 03/10/2014 Books

Gateway to dynamics eloquency /

APA

Manalo J. M., . (1988). Gateway to dynamics eloquency. Quezon City: Communications Upgrade.

Chicago

Manalo Jose M, . 1988. Gateway to dynamics eloquency. Quezon City: Communications Upgrade.

Harvard

Manalo J. M., . (1988). Gateway to dynamics eloquency. Quezon City: Communications Upgrade.

MLA

Manalo Jose M, . Gateway to dynamics eloquency. Quezon City: Communications Upgrade. 1988.

  • Place hold
  • Print
  • Cite
  • Add to your cart (remove)
  • Save record
    BIBTEX Dublin Core MARCXML MARC (non-Unicode/MARC-8) MARC (Unicode/UTF-8) MARC (Unicode/UTF-8, Standard) MODS (XML) RIS
  • More searches
    Search for this title in:
    Other Libraries (WorldCat) Other Databases (Google Scholar) Online Stores (Bookfinder.com) Open Library (openlibrary.org)

Exporting to Dublin Core...

SOUTHVILLE LIBRARY

Southville International School and Colleges Library

1281 Tropical Ave. Cor. Luxembourg St., BF Homes International, Las Pinas City

Tel. No. 8256374 / 252358 Loc. 117/146

Powered by Koha